Bhim Rao Ambedkar/ (Record no. 143996)

MARC details
000 -LEADER
fixed length control field 00859nam a22002537a 4500
005 - DATE AND TIME OF LATEST TRANSACTION
control field 20180405144425.0
010 ## - LCCN (DPL NO)
LC control number ENG-120205 B-690724-725
020 ## - INTERNATIONAL STANDARD BOOK NUMBER
International Standard Book Number 9788178441146
Terms of availability 695.00
035 ## - SYSTEM CONTROL NUMBER
System control number EN-103737
035 ## - SYSTEM CONTROL NUMBER
System control number B-690724-725
037 ## - SOURCE OF ACQUISITION
Source of stock number/acquisition DBAD/PUB
037 ## - SOURCE OF ACQUISITION
Source of stock number/acquisition KKP
082 ## - DEWEY DECIMAL CLASSIFICATION NUMBER
Classification number 921
100 ## - MAIN ENTRY--PERSONAL NAME
Personal name Ravi Ranjan
245 ## - TITLE STATEMENT
Title Bhim Rao Ambedkar/
Statement of responsibility, etc by Ravi Ranjan [and] M.K. Singh
260 ## - PUBLICATION, DISTRIBUTION, ETC. (IMPRINT)
Place of publication, distribution, etc New Delhi
Name of publisher, distributor, etc K.K. Publication
Date of publication, distribution, etc 2012
270 ## - ADDRESS
Address 4806/24, Bharat Ram Road, Daryaganj
City New Delhi
Postal code 110002
300 ## - PHYSICAL DESCRIPTION
Extent 304p.
Dimensions 24cm(Hb)
500 ## - GENERAL NOTE
General note Balidani
500 ## - GENERAL NOTE
General note Includes bibliographical references and index
700 ## - ADDED ENTRY--PERSONAL NAME
Personal name M.K. Singh
942 ## - ADDED ENTRY ELEMENTS (KOHA)
Source of classification or shelving scheme Dewey Decimal Classification
Item type English Books
Classification part 921
Call number suffix RAV
Holdings
Withdrawn status Lost status Not for loan Collection code Home library Current library Date acquired Source of acquisition Cost, normal purchase price Full call number Barcode Copy number Cost, replacement price Koha item type Public note
      Non-fiction Central Library Central Library 05/04/2018 KKP/BL-62/26.02.2018/788/19.02.2018/09.03.2018 695.00 921 RAV B-690724 1 695.00 English Books Balidani
      Non-fiction Sarojini Nagar Sarojini Nagar 05/04/2018 KKP/BL-62/26.02.2018/788/19.02.2018/09.03.2018 695.00 921 RAV B-690725 1 695.00 English Books Balidani
      Non-fiction Shahdara Branch Shahdara Branch 04/09/2017 DBAD/PUB 695.00 921 RAV EN-103737 1 695.00 English Books  

© Delhi Public Library
Hit Counter
free hit counter